[Event "GER-chT U20"]
[Site "Arendsee"]
[Date "2008.12.29"]
[Round "5.6"]
[White "Rickmann, David"]
[Black "Gatterdam, Maximilian"]
[Result "1-0"]
[WhiteElo "1639"]
[BlackElo "1548"]
[PlyCount "39"]
[EventDate "2008.12.27"]
[EventType "team-swiss"]
[EventRounds "7"]
[EventCountry "GER"]
[SourceTitle "CBM 128 Extra"]
[Source "ChessBase"]
[SourceDate "2009.03.05"]
[SourceVersion "2"]
[SourceVersionDate "2009.03.25"]
[SourceQuality "1"]
[WhiteTeam "Magdeburg Aufbau Elbe"]
[BlackTeam "Neuberg"]
[WhiteTeamCountry "GER"]
[BlackTeamCountry "GER"]

1. e4 g6 2. d4 Bg7 3. Be3 d6 4. Nc3 a6 5. Nf3 b5 6. Bd3 Nd7 7. Qd2 c5 8. dxc5 Nxc5 9. e5 Bg4 10. exd6 Qxd6 11. 0-0-0 Nxd3+ 12. Qxd3 Qxd3 13. Rxd3 Bxf3 14. gxf3 Nf6 15. Rhd1 0-0 16. Ne4 Rfc8 17. Nc5 Rc6 18. Rd8+ Rxd8 19. Rxd8+ Bf8 20. Bh6 1-0